Retail banking bakalárska práca

Enregistré dans:
Détails bibliographiques
Auteur principal: Kupka, Denis
Collectivité auteur: Národohospodárska fakulta EU. Katedra bankovníctva a medzinárodných financií
Autres auteurs: Tkáčová, Daniela, 1954-
Format: Livre
Langue:slovaque
Publié: Bratislava 2015
Tags: Ajouter un tag
Pas de tags, Soyez le premier à ajouter un tag!

MARC

LEADER 00000nbm a2200000 4500
001 0206371
005 20161212094714.1
041 0 |a slo 
044 |a SK 
245 1 0 |a Retail banking  |b bakalárska práca  |c Denis Kupka ; školiteľ: Daniela Tkáčová 
264 1 |a Bratislava  |c 2015 
300 |a 43 s. 
100 1 |a Kupka, Denis 
700 1 |a Tkáčová, Daniela, 1954- 
710 2 |a Národohospodárska fakulta EU. Katedra bankovníctva a medzinárodných financií